|
|
|
|
| LEADER |
01435nam a2200421 a 4500 |
| 001 |
nkc20102121002 |
| 003 |
CZ PrNK |
| 005 |
20110215150257.0 |
| 007 |
ta |
| 008 |
101005s2010 xr a g 000 j cze |
| 015 |
|
|
|a cnb002121002
|
| 020 |
|
|
|a 978-80-87364-12-3
|q (brož.) :
|c Kč 185,00
|
| 035 |
|
|
|a (OCoLC)681495552
|
| 040 |
|
|
|a ABA001
|b cze
|
| 072 |
|
7 |
|a 821.162.3-3
|x Česká próza
|2 Konspekt
|9 25
|
| 080 |
|
|
|a 821.162.3-32
|2 MRF
|
| 080 |
|
|
|a (0:82-321.9)
|2 MRF
|
| 100 |
1 |
|
|a Pohunek, Jan,
|d 1981-
|7 pag2008446275
|4 aut
|
| 245 |
1 |
0 |
|a Temní ilumináti /
|c Jan Pohunek ; [vnitřní ilustrace Ondřej "Nerion" Janovský]
|
| 246 |
1 |
|
|i Název v tiráži:
|a Temní ilumináti, aneb, Harc po Čechách
|
| 246 |
3 |
0 |
|a Harc po Čechách
|
| 250 |
|
|
|a Vyd. 1.
|
| 260 |
|
|
|a Praha :
|b Straky na vrbě,
|c 2010
|
| 300 |
|
|
|a 212 s. :
|b il. ;
|c 17 cm
|
| 490 |
1 |
|
|a Česká fantastika ;
|v sv. 74
|
| 500 |
|
|
|a Terminologický slovník
|
| 500 |
|
|
|a 1400 výt.
|
| 504 |
|
|
|a Obsahuje bibliografii
|
| 655 |
|
7 |
|a české příběhy
|7 fd133973
|2 czenas
|
| 655 |
|
7 |
|a vědecko-fantastické příběhy
|7 fd133358
|2 czenas
|
| 655 |
|
9 |
|a Czech stories
|2 eczenas
|
| 655 |
|
9 |
|a science fiction stories
|2 eczenas
|
| 830 |
|
0 |
|a Česká fantastika
|0 s
|
| 910 |
2 |
|
|a BOA001
|b 1-1254.874
|
| 990 |
|
|
|a BK
|
| 995 |
|
|
|a 01
|
| 991 |
|
|
|b 201101
|e b
|
| 996 |
6 |
|
|b 2610460058
|c 1-1254.874
|l MZK
|r Sklad / do 1 hodiny
|n 1
|p p.v.
|w 001164312
|u 000010
|a 1
|e BOA001
|j MZK50
|s P
|